00473nam a2200193 a 4500001001300000003000900013005001700022008004100039020000800080082001500088100001600103245002600119260004700145300000900192500003500201505001000236650001700246700001600263nice12345678IN_TiNIC20260116011317.0050524s1970 mada grp 000 0 eng  ac400a275.4bTHO aThomas, T K aWitness of S.K.George aMadrasbChristian Literature Societyc1970 a151p aincludes index and biblioraphy2 aNotes aChurch-India1 aThomas, T K